[Event "Euskadi ch"]
[Site "Zornotza"]
[Date "2014.04.25"]
[Round "5"]
[White "Villalta Bustillo, Igor"]
[Black "Fernandez, Gerardo"]
[Result "1-0"]
[WhiteElo "2232"]
[BlackElo "2223"]

1. e4 e6 2. d4 d5 3. e5 c5 4. c3 Nc6 5. Nf3 Qb6 6. Be2 f6 7. O-O fxe5 8. 
dxe5 Nh6 9. b4 Nf7 10. Bf4 c4 11. a4 Qc7 12. Re1 g6 13. Na3 Bg7 14. Nb5 
Qd8 15. Bf1 O-O 16. Qd2 a6 17. Nbd4 Bd7 18. g3 Qe7 19. h4 Rae8 20. Bh3 Qd8
21. Kg2 Qb8 22. Qe3 Kh8 23. b5 Nxd4 24. Nxd4 a5 25. b6 Qd8 26. Nb5 Bxb5 
27. axb5 h6 28. Qd4 g5 29. hxg5 hxg5 30. Bd2 Nd6 31. Qg4 Ne4 32. Rxe4 dxe4
33. Be3 Qd3 34. Rd1 Qxc3 35. Rd4 Re7 36. Rxe4 Qd3 37. Bxg5 Qc2 38. Re2 Qd1
39. Bxe7 Rf5 40. Qh4+ Kg8 41. Bxf5 Qxe2 42. Bxe6# 1-0

[Event "Euskadi ch"]
[Site "Zornotza"]
[Date "2014.04.25"]
[Round "5"]
[White "Gonzalez De La Torre, Santiago"]
[Black "Sarralde Osua, Diego"]
[Result "1-0"]
[WhiteElo "2459"]
[BlackElo "2133"]

1. d4 d6 2. e4 Nf6 3. Nc3 Nbd7 4. g4 h6 5. h3 c6 6. Bg2 e5 7. Nge2 Be7 8. 
O-O O-O 9. Be3 Nh7 10. Ng3 Bg5 11. Nf5 Nb6 12. a4 g6 13. Bxg5 hxg5 14. Ne3
a5 15. d5 Qe7 16. Qd3 Nf6 17. Ra3 Nfd7 18. dxc6 bxc6 19. Rd1 Bb7 20. Qxd6 
Qxd6 21. Rxd6 Rfd8 22. Rb3 Kf8 1-0

[Event "Euskadi ch"]
[Site "Zornotza"]
[Date "2014.04.25"]
[Round "5"]
[White "Barrio Ugidos, Ainhoa"]
[Black "Diaz Herrero, Alvaro"]
[Result "1/2-1/2"]
[WhiteElo "1782"]
[BlackElo "2210"]

1. e4 c5 2. Nf3 Nc6 3. d4 cxd4 4. Nxd4 g6 5. Nc3 Bg7 6. Be3 Nf6 7. Bc4 O-O
8. O-O d6 9. Bb3 Ng4 10. Nxc6 Nxe3 11. Nxd8 Nxd1 12. Nxd1 Rxd8 13. c3 Kf8 
14. Ne3 e6 15. Rfd1 Ke7 16. Rd3 Bd7 17. Rad1 Bc6 18. f3 b5 19. Nc2 Rab8 
20. Nd4 Be8 21. f4 a5 22. Rc1 a4 23. Bd1 e5 24. Ne2 f5 25. exf5 gxf5 26. 
Ng3 Bg6 27. Bh5 exf4 28. Bxg6 hxg6 29. Ne2 Be5 30. Re1 Kf6 31. Nd4 Rdc8 
32. Nc2 Rc4 33. Kf2 g5 34. a3 g4 35. Nb4 Rh8 36. h3 1/2-1/2

[Event "Euskadi ch"]
[Site "Zornotza"]
[Date "2014.04.25"]
[Round "5"]
[White "Marchena Hurtado, Ander"]
[Black "Axpe Balenciaga, Inigo"]
[Result "1/2-1/2"]
[WhiteElo "2085"]
[BlackElo "2124"]

1. e4 g6 2. d4 c6 3. Nc3 Bg7 4. f4 d5 5. e5 h5 6. Nf3 Bf5 7. Be3 e6 8. Qd2
Bf8 9. Ne2 h4 10. h3 Nd7 11. Nc1 Qb6 12. c3 Be7 13. Bf2 Kf8 14. Bd3 Rc8 
15. a4 Qc7 16. Bxf5 gxf5 17. Nd3 Ke8 18. O-O Nf8 19. a5 Ng6 20. b4 Kf8 21.
 Rfc1 a6 22. Nc5 Kg7 23. Nd3 Rd8 24. Kf1 Ra8 25. Ke2 Qd8 26. Nc5 Qc7 27. 
Nd3 Qd8 28. Nc5 Qc7 1/2-1/2

[Event "Euskadi ch"]
[Site "Zornotza"]
[Date "2014.04.25"]
[Round "5"]
[White "Garcia Sanchez, Jose Manuel"]
[Black "Tetimov, Ivan"]
[Result "0-1"]
[WhiteElo "1793"]
[BlackElo "2047"]

1. e4 c6 2. d4 d5 3. Nc3 dxe4 4. Nxe4 Nd7 5. Bc4 Ngf6 6. Ng5 e6 7. N1f3 
Bd6 8. O-O Nb6 9. Bd3 h6 10. Ne4 Nxe4 11. Bxe4 Nd5 12. c4 Nf6 13. Bc2 O-O 
14. b3 c5 15. Bb2 cxd4 16. Qxd4 Be7 17. Qc3 Qc7 18. Rad1 b6 19. Rd2 Bb7 
20. Rfd1 Rfd8 21. Rxd8+ Rxd8 22. Rxd8+ Qxd8 23. h3 Bf8 24. Qd2 Qxd2 25. 
Nxd2 Bb4 26. Nf1 Be4 27. Bd1 Bd3 28. a3 Bd6 29. Ne3 Bc5 30. Bc2 Bxc2 31. 
Nxc2 Ne4 32. Bd4 Nd2 33. Bxc5 bxc5 34. Na1 Ne4 35. Kf1 Kf8 36. Ke2 Ke7 37.
 Ke3 Nd6 38. Kd3 a5 39. Nc2 Kd7 40. Ne3 Kc6 41. Nd1 Nf5 42. f3 Ne7 43. Nc3
Nf5 44. g4 Nd4 45. b4 axb4 46. axb4 Nxf3 47. b5+ Kc7 48. Ne4 Ne5+ 49. Kc3 
Nd7 50. g5 f5 51. gxf6 gxf6 52. Ng3 f5 53. h4 Kd6 54. Ne2 e5 55. Kd3 e4+ 
56. Kc2 Nb6 57. Kc3 Ke5 58. Kb3 f4 0-1

[Event "Euskadi ch"]
[Site "Zornotza"]
[Date "2014.04.25"]
[Round "5"]
[White "Garrido Legarreta, Jose Javier"]
[Black "Sanchez Ruesga, Hector"]
[Result "0-1"]
[WhiteElo "2050"]
[BlackElo "2092"]

1. d4 Nf6 2. c4 e6 3. Nc3 d5 4. cxd5 exd5 5. Bg5 Be7 6. e3 O-O 7. Bd3 c6 
8. Qc2 Re8 9. Nge2 Nbd7 10. O-O Nf8 11. f3 h6 12. Bh4 Ne6 13. Rad1 g6 14. 
Bxg6 fxg6 15. Qxg6+ Ng7 16. Ng3 Qd6 17. Qxh6 Ne4 18. Qxd6 Nxd6 19. Bxe7 
Rxe7 20. e4 dxe4 21. fxe4 Nc4 22. Rf2 Bg4 23. Re1 Rd8 24. h3 Bc8 25. Rd1 
Be6 26. b3 Nb6 27. Nce2 Bf7 28. Rdf1 Bg6 29. Rf4 Nd7 30. Nc3 Bh7 31. Rg4 
Kh8 32. Rh4 Nf8 33. Rf6 Kg8 34. d5 Ne8 35. Rg4+ Rg7 36. Rxg7+ Kxg7 37. 
Nh5+ Kg8 38. Rf4 Bg6 39. Ng3 Kg7 40. dxc6 bxc6 41. Nf5+ Bxf5 42. exf5 Kf6 
43. g4 Kg5 44. Rc4 Kh4 45. Ne4 Kxh3 46. Nf2+ Kg3 47. Rxc6 Nh7 48. Rc3+ Kf4
49. b4 Nef6 50. Kg2 Rd2 51. Rf3+ Ke5 52. Kg3 Rxa2 53. Kh4 Rc2 54. Kg3 Ng5 
55. Re3+ Kd4 56. Rd3+ Kc4 57. Ra3 Rc3+ 58. Rxc3+ Kxc3 59. b5 Kc4 60. Kf4 
Nfh7 61. f6 Kxb5 62. Kf5 a5 63. Nd3 a4 64. Kg6 a3 65. Nc1 Kc4 66. f7 Kc3 
67. f8=Q Nxf8+ 68. Kxg5 Kb2 69. Nd3+ Kc2 70. Nb4+ Kb3 71. Nd3 Kc3 72. Nc1 
Kc2 73. Na2 Kb2 74. Nb4 Ne6+ 75. Kf6 Nf4 76. Ke5 Kb3 0-1

[Event "Euskadi ch"]
[Site "Zornotza"]
[Date "2014.04.25"]
[Round "5"]
[White "Goiria Egidazu, Jon Asel"]
[Black "Perez Fernandez, Modesto"]
[Result "1/2-1/2"]
[WhiteElo "1955"]
[BlackElo "2038"]

1. e4 c5 2. Nc3 e6 3. f4 d5 4. Nf3 dxe4 5. Nxe4 Nc6 6. g3 Nf6 7. Nxf6+ 
Qxf6 8. Bg2 Be7 9. O-O O-O 10. d3 Rd8 11. Qe2 Nd4 12. Qf2 Nxf3+ 13. Bxf3 
Rb8 14. Rb1 b6 15. Qg2 Qd4+ 16. Kh1 Bf6 17. Re1 Qa4 18. a3 Qd7 19. f5 e5 
20. Be4 Qe7 21. b3 Bb7 22. Bb2 Re8 23. Re2 Qd7 24. Qf3 Bxe4 25. Rxe4 Re7 
26. Rbe1 Rbe8 27. h4 Qc6 28. Rf1 Rf8 29. Kh2 g6 30. Kh3 Kh8 31. g4 Qd7 32.
 g5 gxf5 33. Qxf5 Bg7 34. Qxd7 Rxd7 35. Bxe5 Bxe5 36. Rxe5 Kg7 37. Rfe1 h6
38. gxh6+ Kxh6 39. Rf5 f6 40. Rg1 Rg7 41. Rgf1 Kg6 42. h5+ Kh6 43. Kh4 
Rgf7 44. b4 cxb4 45. axb4 Kg7 46. Rg1+ Kh7 47. Rg6 Rc7 48. Rgxf6 Rxf6 49. 
Rxf6 Rxc2 50. Rd6 Rb2 51. Rd4 a5 52. bxa5 bxa5 53. Kg5 Rb5+ 54. Kg4 Rb4 
55. Rc4 Kh6 56. Kf3 Rb5 57. Ke3 Kxh5 58. d4 Kg6 59. Kd3 Kf6 60. Rc5 Rxc5 
61. dxc5 1/2-1/2

[Event "Euskadi ch"]
[Site "Zornotza"]
[Date "2014.04.25"]
[Round "5"]
[White "Galarza Cenzano, Inigo"]
[Black "Hernandez Perez, Jesus"]
[Result "0-1"]
[WhiteElo "2035"]
[BlackElo "2011"]

1. e4 e6 2. d3 c5 3. Nf3 Nc6 4. g3 d6 5. Bg2 g6 6. O-O Bg7 7. c3 Nge7 8. 
Be3 O-O 9. Qd2 Rb8 10. Bh6 b5 11. Bxg7 Kxg7 12. b4 e5 13. a3 Qb6 14. Rd1 
a5 15. d4 exd4 16. cxd4 cxb4 17. d5 Ne5 18. Nxe5 dxe5 19. axb4 a4 20. Rc1 
Bd7 21. Rc5 Nc8 22. Qc3 f6 23. Nd2 Nd6 24. Rc1 Rbc8 25. Kh1 Qd8 26. Bf1 
Qe7 27. f3 Nb7 28. Qe3 Nd6 29. Rxc8 Rxc8 30. Rc5 Qf8 31. Qc3 Qe7 32. Nb1 
Rb8 33. Na3 Rb7 34. Rc7 Rxc7 35. Qxc7 Kf7 36. Qc5 f5 37. Bd3 fxe4 38. fxe4
Nb7 39. Qc7 Nd6 40. Kg2 Bh3+ 0-1

[Event "Euskadi ch"]
[Site "Zornotza"]
[Date "2014.04.25"]
[Round "5"]
[White "Cucarella Montell, Angels"]
[Black "Rodriguez Gonzalez, Alex"]
[Result "1/2-1/2"]
[WhiteElo "1978"]
[BlackElo "1971"]

1. e4 c5 2. Nf3 a6 3. c4 e6 4. Nc3 Qc7 5. d4 cxd4 6. Nxd4 Nf6 7. a3 Nxe4 
8. Nxe6 dxe6 9. Nxe4 b6 10. Bd3 Bb7 11. O-O Nd7 12. Be3 Nc5 13. Nxc5 Bxc5 
14. Qe2 Qc6 15. f3 Bxe3+ 16. Qxe3 Qc5 17. Kf2 O-O-O 18. Rfd1 Rd6 19. b4 
Qxe3+ 20. Kxe3 Rhd8 21. Be2 e5 22. Rxd6 Rxd6 23. Rd1 Kc7 1/2-1/2

[Event "Euskadi ch"]
[Site "Zornotza"]
[Date "2014.04.26"]
[Round "6"]
[White "Del Rio De Angelis, Salvador G"]
[Black "Sarralde Osua, Rodrigo"]
[Result "1-0"]
[WhiteElo "2507"]
[BlackElo "2351"]

1. d4 d5 2. c4 c6 3. Nf3 Nf6 4. e3 e6 5. b3 Bd6 6. Bd3 O-O 7. O-O Nbd7 8. 
Bb2 Ne4 9. Qc2 f5 10. Ba3 Bxa3 11. Nxa3 Rf6 12. Nb1 Rh6 13. Nc3 g5 14. g3 
g4 15. Nh4 Qg5 16. Ne2 Nf8 17. Nf4 Ng6 18. Nhg2 e5 19. Nxg6 hxg6 20. dxe5 
Qh5 21. h4 gxh3 22. Nf4 Qf3 23. Kh2 Ng5 24. cxd5 cxd5 25. Be2 Qe4 26. Qxe4
fxe4 27. Nxd5 Be6 28. Nc7 Rc8 29. Rac1 Bd7 30. Nd5 Kf7 31. Rxc8 Bxc8 32. 
Rc1 Rh8 33. Nf4 Rd8 34. Rc7+ Ke8 35. Bb5+ Bd7 36. Rxd7 1-0

[Event "Euskadi ch"]
[Site "Zornotza"]
[Date "2014.04.26"]
[Round "6"]
[White "Astasio Lopez, David"]
[Black "Huerga Leache, Mikel"]
[Result "0-1"]
[WhiteElo "2418"]
[BlackElo "2440"]

1. d4 Nf6 2. Nf3 c5 3. e3 e6 4. c4 cxd4 5. exd4 Bb4+ 6. Nc3 d5 7. Bd3 dxc4
8. Bxc4 O-O 9. O-O Qc7 10. Qd3 Nbd7 11. Bg5 Bxc3 12. bxc3 b6 13. Rac1 Bb7 
14. Bb3 Be4 15. Qe3 Qb7 16. Rfe1 b5 17. Bd1 Rac8 18. a4 a6 19. axb5 axb5 
20. Re2 Bxf3 21. Qxf3 Qxf3 22. gxf3 Nd5 23. Rb2 Rxc3 24. Rxb5 Rxc1 25. 
Bxc1 Nc3 26. Rb7 Rd8 27. Ba3 Nxd1 28. Be7 Rc8 29. Rxd7 Nc3 30. Kg2 h6 31. 
Bc5 Rb8 32. Bd6 Rb2 33. h4 h5 34. Be5 Nd5 35. Kg3 Rd2 36. Rd8+ Kh7 37. Rd7
Kg6 38. f4 Rd3+ 39. Kh2 f6 40. Bd6 Rxd4 41. Bf8 Kf5 42. Rxg7 Rxf4 43. Kg3 
Nc3 44. f3 Ne2+ 45. Kf2 Nd4 46. Ke3 e5 47. Rh7 Rxf3+ 48. Kd2 Kg4 49. Rg7+ 
Kxh4 50. Rg6 e4 51. Be7 e3+ 52. Ke1 Nc2+ 53. Ke2 Rf2+ 54. Kd3 e2 55. Rxf6 
e1=Q 56. Rxf2+ Qxe7 57. Rxc2 Qh7+ 0-1

[Event "Euskadi ch"]
[Site "Zornotza"]
[Date "2014.04.26"]
[Round "6"]
[White "Alcaide Luque, Aitor"]
[Black "Gonzalez De La Torre, Santiago"]
[Result "0-1"]
[WhiteElo "2179"]
[BlackElo "2459"]

1. Nf3 Nc6 2. e3 e5 3. d4 exd4 4. exd4 d5 5. Bd3 Bd6 6. c3 h6 7. O-O Qf6 
8. Qc2 Nge7 9. Nbd2 g5 10. Nb3 g4 11. Ne1 Bf5 12. f4 h5 13. Bxf5 Qxf5 14. 
Qxf5 Nxf5 15. Nd3 f6 16. Ne5 Nce7 17. Bd2 c6 18. Nd3 b6 19. Rae1 Kd7 20. 
Re2 h4 21. a4 h3 22. g3 Rhe8 23. Ree1 Nh6 24. a5 Nef5 25. Kf2 Rxe1 26. 
Rxe1 Re8 27. Rxe8 Kxe8 28. axb6 axb6 29. Ke2 Bf8 30. Na1 Kd7 31. Nc2 Ke6 
32. Nf2 Nd6 33. Nb4 c5 34. dxc5 bxc5 35. Nbd3 Ne4 36. Be3 c4 37. Ne1 Nxf2 
38. Bxf2 Kf5 39. Nc2 Ke4 40. Ne3 Bc5 41. Nxc4 dxc4 42. Bxc5 Nf5 43. Kf2 
Kd3 44. Bd4 Nd6 45. Bxf6 Ne4+ 0-1

[Event "Euskadi ch"]
[Site "Zornotza"]
[Date "2014.04.26"]
[Round "6"]
[White "Tetimov, Ivan"]
[Black "Villalta Bustillo, Igor"]
[Result "0-1"]
[WhiteElo "2047"]
[BlackElo "2232"]

1. d4 d5 2. Nf3 e6 3. c4 c5 4. cxd5 exd5 5. Nc3 Nc6 6. Bg5 Be7 7. Bxe7 
Ngxe7 8. e3 c4 9. Be2 O-O 10. O-O Bg4 11. Ne5 Bxe2 12. Nxe2 Qd6 13. Nxc6 
Nxc6 14. Nc3 a6 15. a4 Rad8 16. Qe2 Rfe8 17. Rfd1 Na5 18. Qf3 Nb3 19. Rab1
Qc6 20. Qf5 g6 21. Qg5 Kg7 22. h4 h6 23. Qg4 b5 24. axb5 axb5 25. h5 b4 
26. Ne2 Qe6 27. Qg3 g5 28. Qf3 Qf6 29. Qh3 Kh7 30. Ng3 Rb8 31. Qd7 Qe6 32.
 Qa4 Re7 33. e4 dxe4 34. d5 Qb6 35. d6 Ra7 36. Qxa7 Qxa7 37. Nxe4 Kg7 38. 
Rd5 Rd8 39. Rbd1 Qd7 40. Ng3 Kh7 41. Ne4 Kg7 42. Ng3 Ra8 43. Nf5+ Kh7 44. 
Re5 c3 45. bxc3 bxc3 46. Ne3 Ra1 47. Rxa1 Nxa1 48. Re7 Qxd6 49. Rxf7+ Kg8 
50. Ra7 Nb3 51. Nf5 Qd1+ 52. Kh2 Qxh5+ 53. Kg3 c2 54. Ra8+ Kf7 55. Ra7+ 
Kf6 56. Ne3 Qh4+ 0-1

[Event "Euskadi ch"]
[Site "Zornotza"]
[Date "2014.04.26"]
[Round "6"]
[White "Fernandez, Gerardo"]
[Black "Marchena Hurtado, Javier"]
[Result "1-0"]
[WhiteElo "2223"]
[BlackElo "2147"]

1. e4 c5 2. d3 Nc6 3. g3 g6 4. Bg2 Bg7 5. f4 d6 6. Nf3 e6 7. c3 Nge7 8. 
Be3 O-O 9. O-O b6 10. d4 Bb7 11. dxc5 dxc5 12. Qe2 Qc7 13. Na3 Rad8 14. 
Nb5 Qb8 15. e5 Nc8 16. Ng5 a6 17. Na3 N6e7 18. Ne4 Qa8 19. Bf2 Rd7 20. 
Rad1 Rfd8 21. Rxd7 Rxd7 22. Nc4 Nd5 23. Re1 Bc6 24. h4 h5 25. Bh3 a5 26. 
Ng5 Rd8 27. f5 exf5 28. e6 f6 29. e7 Re8 30. Qe6+ Kh8 31. Nf7+ Kh7 32. 
Nfd6 Nc7 33. Qf7 Nxd6 34. Nxd6 Bd5 35. Qxg6+ Kg8 36. Nxf5 1-0

[Event "Euskadi ch"]
[Site "Zornotza"]
[Date "2014.04.26"]
[Round "6"]
[White "Axpe Balenciaga, Inigo"]
[Black "Diaz Herrero, Alvaro"]
[Result "1-0"]
[WhiteElo "2124"]
[BlackElo "2210"]

1. d4 Nf6 2. Nf3 g6 3. Nbd2 d5 4. e3 Bg7 5. Bd3 O-O 6. O-O c5 7. c3 Nbd7 
8. b4 b6 9. bxc5 bxc5 10. Qa4 Qc7 11. Ba3 Bb7 12. Rfc1 c4 13. Bf1 Rfe8 14.
 Rab1 Bc6 15. Qd1 e5 16. g3 e4 17. Nh4 Nf8 18. Nxc4 dxc4 19. Bxc4 Ne6 20. 
Be2 Qd7 21. c4 Ng5 22. d5 Ba4 23. Qf1 Nh3+ 24. Kh1 g5 25. Ng2 Qf5 26. f4 
exf3 27. Qxf3 Qxf3 28. Bxf3 g4 29. Be2 Ne4 30. Nf4 Nxf4 31. gxf4 Nf2+ 32. 
Kg2 Rxe3 33. Bxg4 Rxa3 34. Kxf2 Rxa2+ 35. Kg3 Bc2 36. Rb7 Ra3+ 37. Kg2 Rc3
38. Re1 Rxc4 39. Bf3 Bf6 40. d6 Rd4 41. Rc7 Rd2+ 42. Kh3 Rd8 43. Ree7 Bxe7
44. dxe7 Re8 45. Bc6 Rd3+ 46. Kh4 Rc3 47. Bxe8 Rxc7 48. Bd7 Rc8 49. Bxc8 
Ba4 50. Kg5 Be8 51. Kf6 a5 52. Bf5 a4 53. Bb1 a3 54. Ba2 h6 55. h4 h5 56. 
f5 Kh7 57. Bxf7 Bd7 58. Ba2 Be8 59. Kg5 Kh8 60. f6 Bg6 61. f7 Kh7 62. e8=Q
1-0

[Event "Euskadi ch"]
[Site "Zornotza"]
[Date "2014.04.26"]
[Round "6"]
[White "Sanchez Ruesga, Hector"]
[Black "Marchena Hurtado, Ander"]
[Result "0-1"]
[WhiteElo "2092"]
[BlackElo "2085"]

1. d4 d5 2. c4 c6 3. Nf3 Nf6 4. e3 e6 5. b3 c5 6. Bb2 Nc6 7. Bd3 Be7 8. 
O-O O-O 9. Nbd2 cxd4 10. exd4 b6 11. Rc1 Bb7 12. Qe2 Rc8 13. Rfd1 dxc4 14.
 bxc4 Qd6 15. a3 Qf4 16. Bb1 Rfd8 17. Ba2 Nxd4 18. Nxd4 Rxd4 19. Bxd4 Qxd4
20. Nf1 Qe4 21. Qxe4 Bxe4 22. Bb3 a5 23. Ra1 Bc5 24. Ng3 Bg6 25. Kf1 Ng4 
26. Rd2 Nxh2+ 27. Ke1 Ng4 28. Bd1 Ne5 29. Be2 Nc6 30. f3 Bd4 31. Rc1 Be3 
32. Nf1 Bxd2+ 33. Nxd2 Nd4 34. Rc3 Kf8 35. Bd1 Ke7 36. Ba4 Kd6 37. Bd1 e5 
38. Kf2 b5 39. Ke3 b4 40. Rc1 Kc5 41. Ra1 Bc2 42. Rc1 b3 43. Bxc2 Nxc2+ 
44. Kd3 a4 45. Ne4+ Kc6 46. Kc3 f5 47. Ng5 Rb8 48. Rd1 Ne3 49. Rd2 b2 50. 
Rxb2 Nd1+ 0-1

[Event "Euskadi ch"]
[Site "Zornotza"]
[Date "2014.04.26"]
[Round "6"]
[White "Hernandez Perez, Jesus"]
[Black "Barrio Ugidos, Ainhoa"]
[Result "1/2-1/2"]
[WhiteElo "2011"]
[BlackElo "1782"]

1. d4 d5 2. Bf4 Nf6 3. e3 c5 4. c3 Qb6 5. Qb3 Nc6 6. Nd2 e6 7. Ngf3 Be7 8.
 Be2 O-O 9. Bg3 Qxb3 10. axb3 Bd7 11. Ne5 Nxe5 12. dxe5 Ne4 13. Nxe4 dxe4 
14. O-O Bc6 15. Rfd1 Rfd8 16. Rxd8+ Bxd8 17. Rd1 Be7 18. Kf1 1/2-1/2

[Event "Euskadi ch"]
[Site "Zornotza"]
[Date "2014.04.26"]
[Round "6"]
[White "Sarralde Osua, Diego"]
[Black "Goiria Egidazu, Jon Asel"]
[Result "1/2-1/2"]
[WhiteElo "2133"]
[BlackElo "1955"]

1. d4 Nf6 2. Nf3 e6 3. Bf4 d5 4. e3 Bd6 5. Bg5 c5 6. c3 Nbd7 7. Nbd2 O-O 
8. Bd3 Be7 9. h3 b6 10. Bf4 Bb7 11. Rc1 Ne4 12. O-O Ndf6 13. Ne5 Bd6 14. 
f3 Nxd2 15. Qxd2 Nh5 16. Bh2 Qc7 17. Qf2 f6 18. Ng4 Bxh2+ 19. Nxh2 Ng3 20.
 Rfe1 Rae8 21. Qc2 g6 22. Ng4 c4 23. Bf1 e5 24. Qd2 e4 25. f4 Bc8 26. Nh2 
Qg7 27. Qf2 Nf5 28. Rb1 Be6 29. Be2 Rb8 30. b3 b5 31. bxc4 bxc4 32. Bg4 
Qc7 33. Qc2 Ng7 34. Be2 Rxb1 35. Rxb1 Rb8 36. Nf1 Rb6 37. Rxb6 Qxb6 38. 
Nd2 Nf5 39. Kf2 Nd6 40. Qb1 Qxb1 41. Nxb1 Nb5 42. Bd1 Kf7 43. Ke1 Ke7 44. 
Kf2 Bd7 45. g4 g5 46. fxg5 fxg5 47. Kg3 h6 48. Ba4 Nd6 49. Bxd7 Kxd7 50. 
Kf2 Kc6 51. Ke1 Kd7 1/2-1/2

[Event "Euskadi ch"]
[Site "Zornotza"]
[Date "2014.04.26"]
[Round "6"]
[White "Perez Fernandez, Modesto"]
[Black "Garrido Legarreta, Jose Javier"]
[Result "1-0"]
[WhiteElo "2038"]
[BlackElo "2050"]

1. e4 d6 2. d4 Nf6 3. Nc3 g6 4. Bg5 Bg7 5. f4 h6 6. Bh4 c5 7. e5 Nh5 8. 
exd6 Qxd6 9. Bb5+ Bd7 10. Bxd7+ Nxd7 11. dxc5 Qxd1+ 12. Rxd1 Nxf4 13. Bg3 
Ne6 14. Nge2 Be5 15. b4 a5 16. a3 axb4 17. axb4 Bxg3+ 18. Nxg3 Ne5 19. O-O
O-O 20. Nd5 Rfe8 21. Rfe1 f6 22. Ne4 Kf7 23. Rf1 Kg7 24. Nec3 Kf7 25. Rde1
Kg7 26. h3 Rad8 27. Rd1 Rd7 28. Nb6 Rxd1 29. Rxd1 Rd8 30. Rxd8 Nxd8 31. b5
Ne6 32. Nca4 Nd4 33. c4 Nb3 34. Kf1 Kf7 35. Ke2 Nd4+ 36. Ke3 Nf5+ 37. Ke2 
Ke8 38. Nc3 Nd7 39. Nba4 Kd8 40. Nd5 Nd4+ 41. Ke3 Ne6 42. Nf4 Nexc5 43. 
Nxc5 Nxc5 44. Nxg6 e5 45. Nh4 Kd7 46. Nf5 Ke6 47. g4 Kf7 48. Nxh6+ Kg6 49.
 Nf5 Kg5 50. Kf3 e4+ 51. Kg3 b6 52. h4+ Kg6 53. Kf4 Kf7 54. Nd6+ 1-0

[Event "Euskadi ch"]
[Site "Zornotza"]
[Date "2014.04.26"]
[Round "6"]
[White "Rodriguez Gonzalez, Alex"]
[Black "Garcia Sanchez, Jose Manuel"]
[Result "1-0"]
[WhiteElo "1971"]
[BlackElo "1793"]

1. e4 e5 2. Nc3 Nf6 3. f4 d6 4. d4 exd4 5. Qxd4 Nc6 6. Bb5 Bd7 7. Qd3 Be7 
8. Nf3 O-O 9. O-O Nb4 10. Qe2 c6 11. Bd3 Nxd3 12. cxd3 Qc7 13. h3 Rae8 14.
 b3 h6 15. g4 Nh7 16. Bb2 Bf6 17. Rac1 Bc8 18. Nd5 Qd8 19. Nxf6+ Nxf6 20. 
Qg2 Nh7 21. h4 Qd7 22. f5 Qe7 23. g5 hxg5 24. hxg5 Qd7 25. Nh2 Qd8 26. f6 
g6 27. Rf4 Re5 28. Nf3 Rfe8 29. Rh4 Qb6+ 30. Bd4 Qxd4+ 31. Nxd4 Rxg5 32. 
Qxg5 Nxg5 33. Kf2 Nh7 34. Nf5 Bxf5 35. exf5 Nxf6 36. fxg6 fxg6 37. Re1 
Rxe1 38. Kxe1 Kg7 39. Kf2 g5 40. Rh1 Kg6 41. Rh8 Kf5 42. Ra8 a6 43. Ra7 b6
44. Rxa6 Nd5 45. Kg3 c5 46. a3 g4 47. Ra8 Ne3 48. Rb8 Nd5 49. Rd8 Ke5 50. 
Kxg4 Nf6+ 51. Kf3 Kd5 52. Kf4 Nh5+ 53. Kf5 Ng3+ 54. Kf6 b5 55. a4 bxa4 56.
 bxa4 Ne2 57. a5 Nc3 58. Rb8 1-0

[Event "Euskadi ch"]
[Site "Zornotza"]
[Date "2014.04.27"]
[Round "7"]
[White "Villalta Bustillo, Igor"]
[Black "Del Rio De Angelis, Salvador G"]
[Result "1/2-1/2"]
[WhiteElo "2232"]
[BlackElo "2507"]

1. e4 d6 2. d4 Nf6 3. Nc3 e5 4. f4 exd4 5. Qxd4 Be7 6. Bd2 Nc6 7. Bb5 O-O 
8. Bxc6 bxc6 9. O-O-O Nd7 10. Nf3 Bf6 11. Qf2 Nb6 12. e5 Be7 13. Ne4 a5 
14. Rhe1 Nd5 15. Nc3 Nxc3 16. Bxc3 d5 17. Bd4 Rb8 18. a4 Rb4 19. b3 Bf5 
20. g3 Qb8 21. Bc5 Bxc5 22. Qxc5 Bg4 23. Rd3 Qb6 24. Qxb6 Rxb6 25. Nd4 c5 
26. Nb5 Rfb8 27. Rc3 c6 28. Nd6 c4 29. bxc4 d4 30. Rb3 Rxb3 31. cxb3 Rxb3 
32. Kc2 Rb4 33. f5 Kf8 34. e6 fxe6 35. fxe6 Ke7 36. Nc8+ Ke8 37. Nd6+ 
1/2-1/2

[Event "Euskadi ch"]
[Site "Zornotza"]
[Date "2014.04.27"]
[Round "7"]
[White "Gonzalez De La Torre, Santiago"]
[Black "Huerga Leache, Mikel"]
[Result "1-0"]
[WhiteElo "2459"]
[BlackElo "2440"]

1. e4 c5 2. Nf3 e6 3. d4 cxd4 4. Nxd4 Nc6 5. Nc3 Qc7 6. Be2 a6 7. O-O Nf6 
8. Be3 Bb4 9. Na4 O-O 10. c4 Bd6 11. g3 Nxe4 12. c5 Nxc5 13. Nxc5 Bxc5 14.
 Nxc6 Bxe3 15. Ne7+ Kh8 16. fxe3 Qc5 17. Nxc8 Qxe3+ 18. Rf2 Raxc8 19. Qxd7
Qb6 20. Bf3 Rc2 21. Rf1 Qxb2 22. Qe7 Kg8 23. Be4 Rxf2 24. Rxf2 Qd4 25. 
Qxb7 a5 26. Bc6 h6 27. Be8 Qd1+ 28. Kg2 Qh5 29. Qb5 g5 30. Bc6 f5 31. Qxa5
f4 32. Qe5 Qf7 33. gxf4 gxf4 34. Kf3 Qf6 35. Qxf6 Rxf6 36. a4 e5 37. Bd5+ 
Kg7 38. Rg2+ Kf8 39. a5 Rd6 40. Ke4 Ke7 41. Kxe5 Ra6 42. Ra2 1-0

[Event "Euskadi ch"]
[Site "Zornotza"]
[Date "2014.04.27"]
[Round "7"]
[White "Sarralde Osua, Rodrigo"]
[Black "Astasio Lopez, David"]
[Result "1/2-1/2"]
[WhiteElo "2351"]
[BlackElo "2418"]

1. e4 c5 2. c4 g6 3. Nc3 Bg7 4. d3 Nc6 5. g3 d6 6. Bg2 Nd4 7. h3 Bd7 8. 
Nge2 Qc8 9. Rb1 Rb8 10. Nxd4 Bxd4 11. Ne2 Bg7 12. Be3 b5 13. b3 Nf6 14. f4
O-O 15. g4 h5 16. g5 Nh7 17. Kf2 e5 18. f5 gxf5 19. exf5 Bxf5 20. Ng3 bxc4
21. Be4 Bg6 22. bxc4 Rxb1 23. Qxb1 h4 24. Ne2 f5 25. gxf6 Rxf6+ 26. Kg2 
Bxe4+ 27. dxe4 Nf8 28. Nc3 Rg6+ 29. Kh2 Rg3 30. Qf1 Qa6 31. Bd2 Qa3 32. 
Rg1 Rxc3 33. Rxg7+ Kxg7 34. Bh6+ Kg6 35. Qf5+ Kxh6 36. Qxf8+ Kg6 37. Qg8+ 
Kh6 38. Qf8+ Kg6 39. Qg8+ Kf6 40. Qf8+ Ke6 1/2-1/2

[Event "Euskadi ch"]
[Site "Zornotza"]
[Date "2014.04.27"]
[Round "7"]
[White "Fernandez, Gerardo"]
[Black "Axpe Balenciaga, Inigo"]
[Result "1/2-1/2"]
[WhiteElo "2223"]
[BlackElo "2124"]

1. e4 g6 2. d4 Bg7 3. Nc3 c5 4. d5 d6 5. Nf3 Nf6 6. Bc4 Bg4 7. h3 Bxf3 8. 
Qxf3 O-O 9. Qe2 Nfd7 10. a4 Ne5 11. O-O Nxc4 12. Qxc4 Nd7 13. Bf4 a6 14. 
a5 Qc7 15. Ra2 Rfb8 16. Rfa1 b5 17. axb6 Rxb6 18. Rxa6 Raxa6 19. Rxa6 Rxb2
20. Nb5 Qb8 21. Na7 Rb1+ 22. Kh2 Be5 23. Bxe5 Nxe5 24. Qe2 Qb4 25. Nc6 Re1
26. Nxb4 Rxe2 27. Nc6 Rxe4 28. Nxe7+ Kg7 29. Rxd6 Re2 30. Nc6 Nc4 31. Rd8 
Rxc2 32. Kg3 Rd2 33. Kf3 Kf6 34. Rd7 Nb6 35. Rd6+ Kg7 36. Ne7 Nc4 37. Rd8 
f5 38. Rc8 Kf6 39. Rxc5 Rd3+ 40. Ke2 Rd2+ 41. Ke1 Kxe7 42. Rxc4 Rxd5 43. 
Rc7+ Rd7 44. Rc6 1/2-1/2

[Event "Euskadi ch"]
[Site "Zornotza"]
[Date "2014.04.27"]
[Round "7"]
[White "Marchena Hurtado, Ander"]
[Black "Alcaide Luque, Aitor"]
[Result "1/2-1/2"]
[WhiteElo "2085"]
[BlackElo "2179"]

1. e4 e6 2. d4 d5 3. Nc3 Nf6 4. e5 Nfd7 5. f4 c5 6. Nf3 Nc6 7. Be3 cxd4 8.
 Nxd4 Bc5 9. Qd2 O-O 10. O-O-O Bxd4 11. Bxd4 Qa5 12. Kb1 Rb8 13. Nb5 Qxd2 
14. Rxd2 a6 15. Nd6 Nxd4 16. Rxd4 Nc5 17. Nxc8 Rbxc8 18. Bd3 Rc7 19. Rd1 
Nd7 20. c4 Nb6 21. cxd5 Nxd5 22. g3 g6 23. Be4 Ne3 24. Rd7 Rfc8 25. Rxc7 
Rxc7 26. Rd2 Kf8 1/2-1/2

[Event "Euskadi ch"]
[Site "Zornotza"]
[Date "2014.04.27"]
[Round "7"]
[White "Barrio Ugidos, Ainhoa"]
[Black "Tetimov, Ivan"]
[Result "0-1"]
[WhiteElo "1782"]
[BlackElo "2047"]

1. e4 c6 2. d4 d5 3. exd5 cxd5 4. c4 Nf6 5. Nc3 e6 6. Nf3 Bb4 7. cxd5 Nxd5
8. Bd2 Nc6 9. Bd3 O-O 10. O-O Nf6 11. Bg5 Be7 12. Qd2 Nb4 13. Bb1 Bd7 14. 
Ne5 Be8 15. a3 Nc6 16. Qd3 Nxe5 17. dxe5 Qxd3 18. Bxd3 Nd5 19. Bxe7 Nxe7 
20. Rac1 Bc6 21. Rfd1 Rfd8 22. Be4 Rac8 23. h3 h6 24. b4 a6 25. Kf1 g5 26.
 g3 Kg7 27. Rb1 Rxd1+ 28. Rxd1 Ng6 29. Bxc6 Rxc6 30. Ne4 Nxe5 31. Nc5 b5 
32. Ke2 Nc4 33. Rd3 a5 34. Nb3 axb4 35. axb4 Rd6 36. Nd4 Rd5 37. g4 Kg6 
38. f3 Kf6 39. Nc6 Rxd3 40. Kxd3 Ne5+ 41. Nxe5 Kxe5 42. Ke3 Kd5 43. Kd3 
Ke5 44. Ke3 f6 45. Ke2 Kd4 46. Kd2 Kc4 47. Kc2 Kxb4 48. Kb2 Kc4 49. Kc2 
Kd4 50. Kd2 b4 51. Ke2 b3 0-1